000 00352 a2200169 4500
001 192711
020 _a978-85-85357-91-6
040 _cMagnum
100 _aKing, Stephen Michael
240 1 0 _aPatrĂ­cia
_lpor
245 1 0 _aPatrĂ­cia
300 _a32
362 0 _a2008
440 1 _aBrinque-Book
697 _aLITERATURA INFANTIL
942 _cBK
999 _c192711
_d192711